Super pendus - Villes du monde - Statistiques

Statistiques générales
  • Ce quiz a été pris 2 790 fois
  • Le résultat moyen est 50 sur 65
Statistiques - réponses
Réponses % Correct
A
98%
A
98%
A
98%
A
98%
A
98%
A
98%
A
98%
E
96%
E
96%
E
96%
E
96%
E
96%
E
96%
E
96%
E
96%
I
91%
I
91%
I
91%
I
91%
I
91%
I
91%
I
91%
I
91%
O
88%
O
88%
O
88%
O
88%
O
88%
S
81%
S
81%
S
81%
S
81%
S
81%
L
79%
L
79%
L
79%
L
79%
L
79%
L
79%
P
79%
N
77%
N
77%
N
77%
N
77%
N
77%
N
77%
N
77%
N
77%
N
77%
D
70%
D
70%
D
70%
R
68%
R
68%
C
41%
C
41%
C
41%
C
41%
H
32%
H
32%
B
31%
Y
28%
V
26%
K
20%
Z
15%
Aucun quiz correspondant
Distribution des résultats
% des personnes avec chaque résultat
Percentile par nombre de réponses
Votre historique - résultats
Vous n’avez pas pris ce quiz